Normal view
MARC view
- Faculty of Party Wall Surveyors
Entry Corporate Name
001 - CONTROL NUMBER
- control field: 5255
003 - CONTROL NUMBER IDENTIFIER
- control field: SIRSI
005 - DATE AND TIME OF LATEST TRANSACTION
- control field: 20190806150241.0
008 - FIXED-LENGTH DATA ELEMENTS
- fixed length control field: 070704n| acannaabn |n ana d
040 ## - CATALOGING SOURCE
- Original cataloging agency: OSt
- Transcribing agency: OSt
110 2# - HEADING--CORPORATE NAME
- Corporate name or jurisdiction name as entry element: Faculty of Party Wall Surveyors
670 ## - SOURCE DATA FOUND
- Source citation: Newsletter, 2002-